000 02631nam a2200469 i 4500
001 000015592
003 DO-SdBNP
005 20241015140952.0
007 ta
008 100215s2009 dr 000 0 spa d
020 _a9789945861587
040 _aDO-SdBNP
_bspa
_cBNPHU
_erda
082 4 _a972.9365
_bS187c
_222
245 0 0 _aSamaná :
_bciclo de conferencias /
_cprólogo, José Chez Checo ; textos Bernardo Vega, Soraya Aracena, Esteban Prieto Vicioso, Virginia Flores Sasso, Emilio Cordero Michel y otros ; fotografías, Jesús Rodríguez, Ricardo Brianes, Félix Sepúlveda, José Alejandro Álvarez.
264 1 _aSanto Domingo :
_bBuho,
_c2009.
300 _a97 páginas ;
_c23 cm.
336 _2rdacontent
_atexto
_btxt
337 _2rdamedia
_asin mediación
_bn
338 _2rdacarrier
_avolumen
_bnc
490 0 _aOrgullo de mi tierra
505 2 _tPrólogo /
_rJosé Chez Checo --
_tBreve historia de Samaná /
_rBernardo Vega --
_tAportaciones culturales de los inmigrantes en Samaná /
_rSoraya Aracena --
_tArquitectura en la provincia de Samaná /
_rEsteban Prieto, Virginia Flores Sasso --
_tSchomburgk y Samaná /
_rEmilio Cordero Michel --
_tLas inmigraciones francesas a Samaná /
_rEfrain Baldrich Beauregard --
_tEl folklore, la gastronomía y la identidad de Samaná /
_rDagoberto Tejeda Cruz --
_tLos afroamericanos en Samaná y la llegada del protestantismo a Quisqueya: Fe-negritud-esclavitud /
_rSusana Sánchez
590 _aInventariado, 2024/ YL
650 4 _aArquitectura
_zSamaná (República Dominicana : Provincia)
_935172
651 4 _aSamaná (República Dominicana : Provincia)
_xHistoria local
_913085
651 4 _a Samaná (República Dominicana : Provincia)
_xVida social y costumbres
_935171
651 4 _aSamaná (República Dominicana : Provincia)
_xEmigración e inmigración
_935173
700 1 _aChez Checo, José,
_d1949-
_eprólogo
_910145
700 1 _aVega, Bernardo
_etextos
_985109
700 1 _aAracena, Soraya
_etextos
_943422
700 1 _aPrieto Vicioso, Esteban
_etextos
_956663
700 1 _aFlores Sasso, Virginia
_etextos
_977827
700 1 _aCordero Michel, Emilio,
_d1929-2018
_etextos
_944029
700 1 _aBaldrich Beauregard, Efrain
_etextos
_985664
700 1 _aTejeda, Dagoberto
_etextos
_918983
700 1 _aSánchez, Susana
_etextos
_92135
700 1 _aRodríguez, Jesús
_efotografías
_961577
700 1 _aBrianes, Ricardo
_efotografías
_985665
700 1 _aSepúlveda, Félix
_efotografías
_943009
700 1 _aÁlvarez, José Alejandro
_efotografías
_978811
910 _aValidado. Control de calidad BNPHU
942 _2ddc
_cLBS1
999 _c15147
_d15147